Kapitoly z hudebních forem /
| Main Author: | Košut, Michal, 1954- |
|---|---|
| Corporate Author: | Masarykova univerzita. Katedra hudební výchovy |
| Language: | Czech |
| Published: |
Brno : Masarykova univerzita v Brně, 2004 |
| Edition: | 1. vyd. |
| Subjects: | |
| Physical Description: |
88 s. : noty ; 21 cm |
| LEADER | 01678ncm a2200397 a 4500 | ||
|---|---|---|---|
| 001 | 000764373 | ||
| 003 | CZ BrMZK | ||
| 005 | 20050517094618.0 | ||
| 007 | qu | ||
| 008 | 050221s2004 xr ||n ? cze d | ||
| 020 | |a 80-210-3451-3 |q (brož.) | ||
| 040 | |a BOA001 |b cze | ||
| 072 | 7 | |a 781 |x Hudební teorie |2 Konspekt |9 9 | |
| 072 | 7 | |a 37.016 |x Učební osnovy. Vyučovací předměty. Učebnice |2 Konspekt |9 22 | |
| 080 | |a 78.082/.086 |2 MRF | ||
| 080 | |a (075.8) |2 MRF | ||
| 100 | 1 | |a Košut, Michal, |d 1954- |7 jn19990209395 |4 aut | |
| 245 | 1 | 0 | |a Kapitoly z hudebních forem / |h [hudebnina] |c Michal Košut |
| 250 | |a 1. vyd. | ||
| 260 | |a Brno : |b Masarykova univerzita v Brně, |c 2004 | ||
| 300 | |a 88 s. : |b noty ; |c 21 cm | ||
| 500 | |a 150 výt. | ||
| 500 | |a Nad názvem: Pedagogická fakulta Masarykovy univerzity v Brně, katedra hudební výchovy | ||
| 504 | |a Obsahuje bibliografii a rejstřík | ||
| 650 | 0 | 7 | |a hudební formy |7 ph120902 |2 czenas |
| 650 | 0 | 9 | |a musical forms |2 eczenas |
| 655 | 7 | |a učebnice vysokých škol |7 fd133772 |2 czenas | |
| 655 | 9 | |a textbooks (higher) |2 eczenas | |
| 710 | 2 | |a Masarykova univerzita. |b Katedra hudební výchovy |7 kn20010709038 | |
| 910 | |a BOA001 |b Mus2-1147.102 | ||
| 990 | |a MU | ||
| 991 | |b 200503 |c NOV | ||
| 996 | 7 | |b 2610240814 |c Mus2-1147.102 |l MZK |r Sklad / do 1 hodiny |n 9 |w 000764373 |u 000010 |a 1 |e BOA001 |j MZK50 |s A | |
| 996 | 6 | |b 2610248341 |c Mus2-1147.102 |l MZK |r Sklad / do 1 hodiny |n 0 |w 000764373 |u 000020 |a 1 |e BOA001 |j MZK50 |s P | |
| 996 | 7 | |b 2610248342 |c Mus2-1147.102 |l MZK |r Sklad / do 1 hodiny |n 0 |w 000764373 |u 000030 |a 1 |e BOA001 |j MZK50 |s A | |
| 996 | 7 | |b 2610248343 |c Mus2-1147.102 |l MZK |r Sklad / do 1 hodiny |n 1 |w 000764373 |u 000040 |a 1 |e BOA001 |j MZK50 |s A | |
English
Čeština 